000 00477nam a2200193 4500
001 12276
005 20230410105353.0
008 060907n1997 dr spa
020 _a8472093158
035 _9funglode12372
041 _aES
050 1 4 _aHB 179 M554p 1997
100 _aMenger, Carl
245 1 _aPrincipios de economia politica /
_cCarl Menger
250 _a2
260 _aMadrid :
_bUnion Editorial,
_c1997
300 _a379 p.
942 _2lcc
_cbk
999 _c35295
_d35295